00426nam a2200169Ia 4500003000400000008004100004040001600045082002300061100001700084245003600101260004500137300000900182650001000191650001800201650001400219650002300233GCL140319s9999 xx 000 0 eng d aGCL / cGCL04aCCb389.20932bH L1 aHART, GEORGE10aEGYPTIAN MYTHS / cHART, GEORGE a[S.N] : bBRITISH MUSEUM PRESS ، c1990 a80 P04aMYTHS04aANCIENT EGYPT04aMYTHOLOGY04aEGYPTIAN MYTHOLOGY